000
00285nam a22001337a 4500
020
_a
978-0582408074
041
_a
ENG
100
_a
Hawker.M.F.J
245
_a
Horticultural Machinery
260
_a
New York
_b
Longman
_c
1985
300
_a
180
650
_a
FMP
856
_u
FMP ( 04 )
999
_c
1453
_d
1453